[Event "U.S. Amateur North U1600"]
[Site "Detroit, MI"]
[Date "1999.05.29"]
[Round "3"]
[White "Hooker, Larry"]
[Black "Young, Cordell"]
[Result "1-0"]
[WhiteElo "1324"]
[BlackElo "876"]
[PlyCount "70"]
[EventDate "1999.05.29"]

1. e4 e5 2. Nf3 Nc6 3. Bc4 Nf6 4. Ng5 d5 5. exd5 Na5 6. Bb5+ Bd7 7. Qe2 c6 8.
Qxe5+ Qe7 9. Qxe7+ Bxe7 10. dxc6 Nxc6 11. O-O O-O 12. Re1 Rfe8 13. c3 Bc5 14.
Rf1 h6 15. Nf3 Ne5 16. Bxd7 Nxf3+ 17. gxf3 Nxd7 18. d4 Bd6 19. Be3 Nf6 20. Nd2
Nd5 21. Rfe1 Bf4 22. Nf1 Re6 23. Bxf4 Nxf4 24. Re4 Nh3+ 25. Kg2 Ng5 26. Rxe6
Nxe6 27. Ne3 Rd8 28. Rd1 Kf8 29. Kf1 Ke7 30. Ng4 Rd5 31. Re1 Rh5 32. Kg1 Kd7
33. Ne5+ Ke7 34. d5 Ng5 35. h4 Kd6 1-0

[Event "U.S. Amateur North U1600"]
[Site "Detroit, MI"]
[Date "1999.05.29"]
[Round "1"]
[White "Hooker, Larry"]
[Black "Williams, Christopher"]
[Result "1-0"]
[WhiteElo "1324"]
[BlackElo "803"]
[PlyCount "47"]
[EventDate "1999.05.29"]

1. e4 e5 2. Nf3 Bc5 3. Bc4 Nc6 4. c3 Nf6 5. d4 exd4 6. cxd4 Bb6 7. Bg5 h6 8.
Bh4 g5 9. Bg3 Nxe4 10. Qe2 Qe7 11. Ne5 f5 12. Qh5+ Kf8 13. Ng6+ Ke8 14. Nxe7+
Kxe7 15. Qf7+ Kd8 16. Qxf5 Re8 17. O-O Nxd4 18. Qg6 Nc2 19. Bd3 Nxg3 20. hxg3
Nxa1 21. Qf6+ Re7 22. Re1 Bc5 23. Qf8+ Re8 24. Qxe8# 1-0

[Event "U.S. Amateur North"]
[Site "Detroit, MI"]
[Date "1999.05.29"]
[Round "2"]
[White "Holden, Anthony"]
[Black "Sattler, Peter"]
[Result "1-0"]
[WhiteElo "1348"]
[BlackElo "1703"]
[PlyCount "115"]
[EventDate "1999.05.29"]

1. d4 Nf6 2. e3 d5 3. Bd3 Nc6 4. f4 Bg4 5. Nf3 e6 6. a3 Be7 7. O-O O-O 8. Nbd2
Nd7 9. h3 Bh5 10. Qe1 f5 11. h4 h6 12. g3 Nf6 13. c4 Ne4 14. cxd5 exd5 15. Ne5
Nxe5 16. dxe5 Qe8 17. b4 Qg6 18. Bxe4 dxe4 19. Kh2 Rad8 20. Nb3 Rd1 21. Qf2
Rfd8 22. Nd4 Rxf1 23. Qxf1 b6 24. Qc4+ Kh7 25. Qxc7 Re8 26. Bb2 Qg4 27. Rg1 Qg6
28. Qxa7 Bf3 29. Qd7 Qh5 30. Qxf5+ Kh8 31. Qxh5 Bxh5 32. g4 Bf7 33. e6 Bg8 34.
g5 h5 35. Nf5 Bf8 36. e7 Rxe7 37. Nxe7 Bxe7 38. f5 Bd6+ 39. Kh1 Kh7 40. Bd4 Bc7
41. f6 g6 42. Rf1 Bf7 43. Rc1 Bg3 44. Bxb6 Bxh4 45. Rc7 Kg8 46. Bc5 Bxg5 47.
Rc8+ Kh7 48. Rf8 Be6 49. Bd4 Bh6 50. Rb8 Bf7 51. a4 g5 52. a5 g4 53. a6 g3 54.
a7 Bd5 55. f7 h4 56. f8=Q Bxf8 57. Rxf8 h3 58. a8=Q 1-0

[Event "U.S. Amateur North U1600"]
[Site "Detroit, MI"]
[Date "1999.05.29"]
[Round "2"]
[White "Henry, Robynne"]
[Black "Treacy, Joe"]
[Result "1/2-1/2"]
[WhiteElo "1268"]
[BlackElo "1557"]
[PlyCount "92"]
[EventDate "1999.05.29"]

1. e4 c5 2. Nf3 d6 3. d4 cxd4 4. Nxd4 Nf6 5. Nc3 a6 6. Bc4 e6 7. O-O Be7 8. Be3
O-O 9. f4 Qc7 10. Bd3 Nbd7 11. f5 e5 12. Nf3 b5 13. Qe2 Bb7 14. a3 Rfe8 15.
Rad1 Nc5 16. Bg5 Qb6 17. Kh1 b4 18. axb4 Qxb4 19. Bxf6 Bxf6 20. Rb1 Bd8 21. Bc4
Nd7 22. Rfd1 Nf6 23. Nd5 Nxd5 24. Bxd5 Bxd5 25. Rxd5 Be7 26. b3 f6 27. Ra1 a5
28. Rb5 Qc3 29. Qc4+ Qxc4 30. bxc4 Reb8 31. Ra4 Kf7 32. Kg1 g6 33. g4 Bd8 34.
Kf2 Bb6+ 35. Ke2 Bc5 36. Nd2 Kg7 37. c3 h5 38. h3 Kh6 39. fxg6 Kxg6 40. Nf3
hxg4 41. hxg4 Kh6 42. Nd2 Kg5 43. Kf3 Kh4 44. Kg2 Bb6 45. Rb3 Bc5 46. Rb5 Bb6
1/2-1/2

[Event "U.S. Amateur North U1600"]
[Site "Detroit, MI"]
[Date "1999.05.29"]
[Round "2"]
[White "Hayley, Robert"]
[Black "Keith, Nathan"]
[Result "0-1"]
[WhiteElo "1122"]
[BlackElo "1469"]
[PlyCount "102"]
[EventDate "1999.05.29"]

1. b3 e6 2. Bb2 b6 3. e3 Bb7 4. d3 Nf6 5. Nd2 d6 6. Ngf3 Nbd7 7. Be2 e5 8. O-O
Be7 9. h3 O-O 10. c4 Re8 11. e4 h6 12. Re1 Nh7 13. Nh2 Ndf6 14. Ndf3 Nf8 15.
Nf1 Ne6 16. Ne3 Nf4 17. Nf5 Nxe2+ 18. Qxe2 Bc8 19. Nxe7+ Qxe7 20. Nh2 Nh7 21.
Bc1 Rf8 22. Rf1 Bd7 23. f4 exf4 24. Rxf4 Qe5 25. Rb1 Qe7 26. Qe3 f5 27. Bb2 Bc6
28. Rbf1 fxe4 29. Rxf8+ Rxf8 30. Rxf8+ Nxf8 31. Ng4 Qe6 32. Qd4 Qg6 33. dxe4
Bxe4 34. Qf2 Qf5 35. Qg3 Qg6 36. Qf2 Bc6 37. Bc1 h5 38. Ne3 Ne6 39. Nf5 Qf6 40.
Bb2 Qd8 41. Bxg7 Kh7 42. Bb2 Be4 43. g4 Ng5 44. Kh2 Bxf5 45. gxf5 d5 46. h4 Ne4
47. Qd4 Qg8 48. Qe3 Qg4 49. Qh3 Qf4+ 50. Kg2 Qf2+ 51. Kh1 Ng3+ 0-1

[Event "U.S. Amateur North U1600"]
[Site "Detroit, MI"]
[Date "1999.05.29"]
[Round "4"]
[White "Haygood, Norman"]
[Black "Neigebauer, Kent"]
[Result "1-0"]
[WhiteElo "1472"]
[BlackElo "1148"]
[PlyCount "121"]
[EventDate "1999.05.29"]

1. e4 c6 2. d4 d5 3. exd5 cxd5 4. Bd3 Nc6 5. c3 Nf6 6. h3 e5 7. dxe5 Nxe5 8.
Bb5+ Bd7 9. Bxd7+ Qxd7 10. Nf3 Nxf3+ 11. Qxf3 h6 12. O-O Be7 13. Re1 O-O 14.
Bf4 Rae8 15. Nd2 Bc5 16. Bxh6 Rxe1+ 17. Rxe1 Re8 18. Rxe8+ Nxe8 19. Be3 Bxe3
20. Qxe3 b6 21. Nf3 Nf6 22. Nd4 Qe8 23. Qxe8+ Nxe8 24. Nc6 a6 25. Ne7+ Kf8 26.
Nxd5 b5 27. b4 f6 28. f4 f5 29. Kf2 Kf7 30. Ke3 Ke6 31. Kd4 Kd6 32. g4 g6 33.
gxf5 gxf5 34. h4 Ng7 35. Nf6 Ne6+ 36. Ke3 Ng7 37. Nh7 Kd5 38. Nf6+ Ke6 39. h5
Kxf6 40. h6 Kg6 41. hxg7 Kxg7 42. Kd4 Kf6 43. c4 bxc4 44. Kxc4 Ke6 45. Kc5 Kd7
46. a4 a5 47. b5 Kc7 48. Kd5 Kb6 49. Ke5 Kc5 50. Kxf5 Kb4 51. Ke4 Kxa4 52. b6
Ka3 53. b7 a4 54. b8=Q Ka2 55. Qa8 a3 56. f5 Kb2 57. f6 a2 58. f7 Ka1 59. f8=Q
Kb2 60. Qb4+ Ka1 61. Qh8# 1-0

[Event "U.S. Amateur North U1600"]
[Site "Detroit, MI"]
[Date "1999.05.29"]
[Round "2"]
[White "Haygood, Norman"]
[Black "Maldonado, Florentino"]
[Result "1-0"]
[WhiteElo "1472"]
[BlackElo "1139"]
[PlyCount "68"]
[EventDate "1999.05.29"]

1. e4 e5 2. Nf3 Nc6 3. d4 exd4 4. Nxd4 Bc5 5. Nb3 Be7 6. c4 Nf6 7. Nc3 Bb4 8.
Bd3 Qe7 9. O-O O-O 10. Nd5 Nxd5 11. exd5 Ne5 12. a3 Nxd3 13. Qxd3 Bd6 14. Be3
b6 15. Nd4 Qh4 16. f4 Bc5 17. b4 Bxd4 18. Bxd4 f5 19. Rf3 d6 20. Rg3 Rf7 21.
Qc3 Qe7 22. Re1 Qd7 23. Ree3 Bb7 24. Bxg7 Rxg7 25. Rxg7+ Qxg7 26. Rg3 Qxg3 27.
Qxg3+ Kf7 28. Qg5 Bc8 29. Qd8 Kg6 30. Qxc7 Ba6 31. Qxd6+ Kg7 32. b5 Bxb5 33.
cxb5 a6 34. Qxb6 Re8 1-0

[Event "U.S. Amateur North U1600"]
[Site "Detroit, MI"]
[Date "1999.05.29"]
[Round "1"]
[White "Grzegorczyk, Ron"]
[Black "Rojas, Fernando"]
[Result "1-0"]
[WhiteElo "1560"]
[BlackElo "1069"]
[PlyCount "95"]
[EventDate "1999.05.29"]

1. e4 e5 2. Nf3 Nc6 3. Bb5 a6 4. Ba4 Nf6 5. O-O Bb4 6. c3 Bc5 7. d4 Bd6 8. Bxc6
dxc6 9. dxe5 Qe7 10. exd6 cxd6 11. e5 dxe5 12. Re1 Ng4 13. h3 O-O 14. hxg4 Rd8
15. Qa4 b5 16. Qe4 f6 17. Be3 Bb7 18. Qb4 Qe6 19. Nbd2 f5 20. gxf5 Qxf5 21. Qe4
Qxe4 22. Nxe4 Rf8 23. Ng3 c5 24. Bxc5 Rf6 25. Rxe5 Bxf3 26. gxf3 Rc8 27. Rae1
h6 28. Re8+ Rxe8 29. Rxe8+ Kf7 30. Rf8+ Ke6 31. Rxf6+ Kxf6 32. b3 a5 33. Bb6 a4
34. bxa4 bxa4 35. c4 Ke6 36. Ne4 Kd7 37. f4 Kc6 38. Bd4 Kd7 39. Bxg7 h5 40. f5
Kc6 41. f6 Kc7 42. f7 Kd7 43. f8=Q Ke6 44. Qf6+ Kd7 45. Qd6+ Kc8 46. Nc5 a3 47.
Qd7+ Kb8 48. Qb7# 1-0

[Event "U.S. Amateur North U1600"]
[Site "Detroit, MI"]
[Date "1999.05.29"]
[Round "3"]
[White "Grzegorczyk, Ron"]
[Black "Henry, Robynne"]
[Result "0-1"]
[WhiteElo "1560"]
[BlackElo "1268"]
[PlyCount "59"]
[EventDate "1999.05.29"]

1. e4 e5 2. Nf3 Nc6 3. Bb5 Bc5 4. c3 Nf6 5. d4 exd4 6. cxd4 Bb4+ 7. Bd2 Nxe4 8.
Bxb4 Nxb4 9. O-O O-O 10. Qb3 a5 11. a3 Na6 12. Bc4 Nd6 13. Bd5 c6 14. Bc4 Nxc4
15. Qxc4 d5 16. Qd3 Nc7 17. Nbd2 Ne6 18. b4 b6 19. Nb3 Ba6 20. Qc3 Bxf1 21.
Rxf1 axb4 22. Qxb4 b5 23. Ne5 Ra4 24. Qc3 Qc7 25. Nxc6 Rc4 26. Qf3 Rxc6 27.
Qxd5 Rc3 28. Nd2 Rxa3 29. Qxb5 Nxd4 30. Ne4 0-1

[Event "U.S. Amateur North U1600"]
[Site "Detroit, MI"]
[Date "1999.05.29"]
[Round "1"]
[White "Griffin, John"]
[Black "Moton, Michael"]
[Result "1-0"]
[WhiteElo "1511"]
[BlackElo "950"]
[PlyCount "143"]
[EventDate "1999.05.29"]

1. d4 d5 2. c4 e6 3. Nf3 c5 4. g3 Qb6 5. Qb3 Nd7 6. Qxb6 Nxb6 7. cxd5 exd5 8.
b3 cxd4 9. Nxd4 Bc5 10. Nb5 Bd7 11. Nc7+ Kd8 12. Nxa8 Bd4 13. Nxb6 axb6 14. Be3
Bxa1 15. Bxb6+ Ke8 16. Bg2 Bc6 17. O-O Nf6 18. Rd1 Kd7 19. e4 Re8 20. Nd2 Bc3
21. exd5 Nxd5 22. Ne4 Bb4 23. Bc5 Kc7 24. Bxb4 Nxb4 25. Nc3 Bxg2 26. Kxg2 Ra8
27. a3 Nc2 28. Nb5+ Kc6 29. a4 Nb4 30. Rd6+ Kc5 31. Rd7 Rf8 32. Rxb7 Nd3 33.
Nc3 Nb2 34. Ne4+ Kc6 35. Rb4 Re8 36. Nc3 Kc5 37. Rf4 f6 38. b4+ Kc6 39. b5+ Kd6
40. Kf3 Kc5 41. a5 Nd3 42. Ne4+ Kd5 43. Nc3+ Kc5 44. Re4 Rxe4 45. Nxe4+ Kxb5
46. Nd6+ Kxa5 47. Ne8 Ne5+ 48. Kg2 g6 49. Nxf6 h5 50. h3 Kb4 51. Nh7 Kc3 52. f4
Nf7 53. Kf3 Kd4 54. Nf8 Kd5 55. Nxg6 Ke6 56. Nh4 Kf6 57. Ng2 Nh6 58. Ne3 Ke6
59. g4 hxg4+ 60. hxg4 Kf7 61. Kg3 Ke6 62. Kh4 Kf7 63. Kg5 Ng8 64. Nf5 Ke6 65.
Kg6 Nf6 66. Nh6 Nd5 67. f5+ Ke7 68. g5 Nf4+ 69. Kh7 Nh5 70. Ng4 Ng3 71. f6+ Kf8
72. g6 1-0

[Event "U.S. Amateur North U1600"]
[Site "Detroit, MI"]
[Date "1999.05.29"]
[Round "3"]
[White "Griffin, John"]
[Black "Crist, Kevin"]
[Result "0-1"]
[WhiteElo "1511"]
[BlackElo "1009"]
[PlyCount "120"]
[EventDate "1999.05.29"]

1. d4 d5 2. Nf3 Nf6 3. c4 Bf5 4. e3 e6 5. Qb3 b6 6. cxd5 Nxd5 7. Bd3 Qf6 8. Ne5
Bxd3 9. Qxd3 Nb4 10. Qe4 c6 11. a3 Nd5 12. Nc3 g6 13. Nxd5 cxd5 14. Qc2 Qd8 15.
Qa4+ Nd7 16. O-O Bg7 17. Nxd7 Qxd7 18. Qxd7+ Kxd7 19. Bd2 Rac8 20. Rac1 Bh6 21.
Rc3 f6 22. f4 Rxc3 23. bxc3 Rc8 24. Ra1 Bf8 25. Kf2 b5 26. Ke2 Kc6 27. a4 a6
28. Kd3 Kb6 29. e4 Rc4 30. axb5 Kxb5 31. Rb1+ Kc6 32. exd5+ exd5 33. Re1 Kd7
34. Ra1 Rc6 35. Bc1 f5 36. Ra5 Ke6 37. Ba3 Be7 38. Ra4 Bf6 39. c4 dxc4+ 40.
Rxc4 Rb6 41. Rc3 Kd7 42. g3 Rb1 43. Bc5 Rh1 44. Rc2 Re1 45. Kc4 a5 46. Bb6 Ra1
47. Kb3 Rb1+ 48. Rb2 a4+ 49. Ka2 Rxb2+ 50. Kxb2 Kc6 51. Ba7 Kd5 52. Bb8 Bxd4+
53. Ka3 Bg1 54. h3 Bh2 55. g4 fxg4 56. hxg4 Ke4 57. Kxa4 Bxf4 58. Ba7 Kf3 59.
Kb3 Kxg4 60. Kc2 Kf3 0-1

[Event "U.S. Amateur North U1600"]
[Site "Detroit, MI"]
[Date "1999.05.29"]
[Round "3"]
[White "Gillom, Donte"]
[Black "Peiris, Eshal"]
[Result "1-0"]
[WhiteElo "1221"]
[BlackElo "848"]
[PlyCount "85"]
[EventDate "1999.05.29"]

1. d4 d5 2. c4 dxc4 3. e3 e5 4. d5 c6 5. Bxc4 Nf6 6. Nc3 Bb4 7. Nge2 O-O 8. Qb3
a5 9. O-O Bg4 10. f3 Bc8 11. a3 Bxc3 12. Nxc3 b5 13. Be2 cxd5 14. Bxb5 Be6 15.
Qc2 d4 16. Ne4 Nxe4 17. Qxe4 Bd5 18. Qxe5 Nc6 19. Bxc6 Bxc6 20. exd4 Re8 21.
Qf4 Re6 22. Be3 Bb5 23. d5 Rf6 24. Qg3 Bxf1 25. Kxf1 Rg6 26. Qe5 f6 27. Qe6+
Kh8 28. d6 f5 29. Qxf5 Qxd6 30. Bf4 Qa6+ 31. Kg1 Re8 32. Qf7 Rge6 33. h3 Qb6+
34. Kh2 Qf2 35. Bg3 Qc2 36. Re1 Qg6 37. Qxg6 hxg6 38. Rxe6 Rxe6 39. Bf2 Re2 40.
Bd4 a4 41. h4 Rd2 42. Bc3 Rc2 43. Kh3 1-0

[Event "U.S. Amateur North U1600"]
[Site "Detroit, MI"]
[Date "1999.05.29"]
[Round "1"]
[White "Gillom, Donte"]
[Black "Frantz, John C"]
[Result "1-0"]
[WhiteElo "1221"]
[BlackElo "459"]
[PlyCount "73"]
[EventDate "1999.05.29"]

1. d4 d5 2. c4 dxc4 3. e3 Bf5 4. Bxc4 e5 5. Qf3 Ne7 6. g4 Bg6 7. dxe5 Bxb1 8.
Qxf7+ Kd7 9. e6+ Kc8 10. Rxb1 Qd6 11. Qe8+ Qd8 12. Qxd8+ Kxd8 13. Bd2 Nbc6 14.
Rd1 Ke8 15. Bc3 Ng6 16. f4 Bc5 17. Ke2 Nh4 18. Nf3 Ng2 19. Bd4 Bxd4 20. Nxd4
Nxd4+ 21. Rxd4 c5 22. Rd7 Nh4 23. Rxb7 Rf8 24. Bb5+ Kd8 25. e7+ Kc8 26. exf8=Q+
Kxb7 27. Bc6+ Kxc6 28. Qxa8+ Kb6 29. Rc1 Ng6 30. Qb8+ Kc6 31. Qc8+ Kd6 32. Rxc5
Ne7 33. Qc7+ Ke6 34. Re5+ Kf6 35. Qxe7+ Kg6 36. Rg5+ Kh6 37. Qxg7# 1-0

[Event "U.S. Amateur North U1600"]
[Site "Detroit, MI"]
[Date "1999.05.29"]
[Round "2"]
[White "Frantz, John W"]
[Black "Aldrich, Justin"]
[Result "0-1"]
[WhiteElo "1225"]
[BlackElo "1500"]
[PlyCount "44"]
[EventDate "1999.05.29"]

1. b4 e5 2. Bb2 d6 3. c4 Be6 4. e3 f5 5. d4 Nd7 6. d5 Bf7 7. Nf3 Ngf6 8. Nbd2
Be7 9. Bd3 e4 10. Nd4 exd3 11. Nxf5 O-O 12. g4 Ne5 13. g5 Nh5 14. f4 Nd7 15.
Ne4 Bg6 16. Neg3 Nxg3 17. Nxg3 Nb6 18. Qb3 Qe8 19. a4 Bxg5 20. Kd2 Bf6 21. Rhg1
Bxb2 22. Rae1 Qxa4 0-1

[Event "U.S. Amateur North U1600"]
[Site "Detroit, MI"]
[Date "1999.05.29"]
[Round "3"]
[White "Frantz, John C"]
[Black "Foord, Allan"]
[Result "0-1"]
[WhiteElo "459"]
[BlackElo "1521"]
[PlyCount "66"]
[EventDate "1999.05.29"]

1. e4 c5 2. Nf3 d6 3. Bd3 Nc6 4. O-O Bg4 5. h3 Bh5 6. g4 Bg6 7. Nh4 e6 8. f4
Qxh4 9. g5 Qxh3 10. Rf3 Qg4+ 11. Kf2 Qh4+ 12. Rg3 Qxf4+ 13. Kg2 Be7 14. Be2
Bxg5 15. Rg4 Qe5 16. d3 Bxc1 17. Qxc1 Bh5 18. Rg5 Qf6 19. Rxh5 Nd4 20. Bg4 h6
21. c3 Ne2 22. Bxe2 Qg6+ 23. Kh2 Nf6 24. Rh4 Ke7 25. Qf4 Rad8 26. e5 dxe5 27.
Qxe5 Nd7 28. Qc7 Qg5 29. Kh3 Qe3+ 30. Kg4 Qxe2+ 31. Kg3 Qxd3+ 32. Kf2 Qc2+ 33.
Ke1 Qxb2 0-1

[Event "U.S. Amateur North"]
[Site "Detroit, MI"]
[Date "1999.05.29"]
[Round "1"]
[White "Everett, Morgan"]
[Black "Santus, Nick"]
[Result "1-0"]
[WhiteElo "2134"]
[BlackElo "1862"]
[PlyCount "61"]
[EventDate "1999.05.29"]

1. e4 c6 2. d4 d5 3. Nc3 dxe4 4. Nxe4 Bf5 5. Ng3 Bg6 6. Nf3 e6 7. h4 h6 8. h5
Bh7 9. Bd3 Bxd3 10. Qxd3 Nd7 11. Bd2 Qc7 12. O-O-O O-O-O 13. Ne4 Nc5 14. Qe2
Nxe4 15. Qxe4 Nf6 16. Qe2 Bd6 17. g3 Rd7 18. c4 c5 19. Bc3 Rhd8 20. Kb1 Ng4 21.
Rdf1 Nf6 22. Ka1 Qc6 23. Rh4 Bc7 24. dxc5 Qxc5 25. b4 Qf5 26. Nd4 Qg5 27. Re1
Kb8 28. Kb1 Bxg3 29. fxg3 Qxg3 30. Nf3 Rd3 31. Be5+ 1-0

[Event "U.S. Amateur North"]
[Site "Detroit, MI"]
[Date "1999.05.29"]
[Round "3"]
[White "Everett, Morgan"]
[Black "Holden, Anthony"]
[Result "1-0"]
[WhiteElo "2134"]
[BlackElo "1348"]
[PlyCount "63"]
[EventDate "1999.05.29"]

1. e4 c5 2. Nf3 Nc6 3. Nc3 e5 4. Bc4 a6 5. a4 Nf6 6. d3 h6 7. h3 d6 8. O-O g5
9. Nh2 Nd4 10. Be3 Ne6 11. Nd5 h5 12. a5 Nf4 13. Nb6 Rb8 14. Nxc8 Rxc8 15. c3
Nd7 16. Re1 Qf6 17. f3 Qg6 18. Qd2 Nf6 19. Ra3 Bh6 20. Rb3 Rc7 21. Bxf4 exf4
22. e5 dxe5 23. Rxe5+ Kf8 24. Rb6 Qg7 25. Qe2 g4 26. fxg4 Kg8 27. Rf5 Bg5 28.
Qe5 Nh7 29. Qxc7 hxg4 30. Nxg4 Nf6 31. Rbxf6 f3 32. Rxg5 1-0

[Event "U.S. Amateur North"]
[Site "Detroit, MI"]
[Date "1999.05.29"]
[Round "1"]
[White "Diehl-Simel, Raphael"]
[Black "Williams, Ron"]
[Result "0-1"]
[WhiteElo "1256"]
[BlackElo "1899"]
[PlyCount "66"]
[EventDate "1999.05.29"]

1. d4 Nf6 2. Nf3 e6 3. e3 b6 4. Bd3 Bb7 5. Nbd2 c5 6. O-O Be7 7. Re1 O-O 8. c3
d5 9. e4 dxe4 10. Nxe4 Nbd7 11. Qc2 cxd4 12. Nxd4 Qc7 13. Qe2 Nc5 14. Qc2 Ncxe4
15. Bxe4 Nxe4 16. Rxe4 Bxe4 17. Qxe4 Bf6 18. Nf3 Rfd8 19. Be3 Qd7 20. g3 Qd5
21. Qxd5 Rxd5 22. Kg2 Rb5 23. b3 Bxc3 24. Rb1 Rd5 25. h3 b5 26. Rc1 b4 27. Kf1
a5 28. Ke2 a4 29. bxa4 Rxa4 30. Rc2 Ra8 31. Bf4 e5 32. Bc1 f6 33. g4 Rda5 0-1

[Event "U.S. Amateur North"]
[Site "Detroit, MI"]
[Date "1999.05.29"]
[Round "3"]
[White "Diehl-Simel, Raphael"]
[Black "West, Tony"]
[Result "1/2-1/2"]
[WhiteElo "1256"]
[BlackElo "1741"]
[PlyCount "84"]
[EventDate "1999.05.29"]

1. d4 Nf6 2. Nf3 c5 3. e3 d5 4. b3 Nc6 5. Bb2 e6 6. Bb5 a6 7. Bxc6+ bxc6 8. O-O
cxd4 9. exd4 Bd6 10. Re1 O-O 11. Qd3 Qc7 12. Ne5 a5 13. a4 Qb6 14. c4 Qb4 15.
Nd2 Bxe5 16. Rxe5 dxc4 17. Nxc4 Rd8 18. Ba3 Qb8 19. Rd1 Ba6 20. Be7 Re8 21.
Bxf6 gxf6 22. Rh5 Kf8 23. Rxh7 Ke7 24. Qc3 Rh8 25. Rxh8 Qxh8 26. Nxa5 Qh5 27.
Rc1 Rc8 28. Qc5+ Qxc5 29. Rxc5 Kd6 30. f4 Bd3 31. Kf2 Be4 32. Nc4+ Kc7 33. g3
Rb8 34. Nd2 Bd5 35. Rc3 Rh8 36. h4 f5 37. Nf1 Rb8 38. Nd2 Rb4 39. Ke3 Rb8 40.
Ke2 Rb4 41. Kd3 Rb8 42. Kc2 f6 1/2-1/2

[Event "U.S. Amateur North U1600"]
[Site "Detroit, MI"]
[Date "1999.05.29"]
[Round "3"]
[White "Culverson, Javin"]
[Black "Hayley, Robert"]
[Result "0-1"]
[WhiteElo "747"]
[BlackElo "1122"]
[PlyCount "69"]
[EventDate "1999.05.29"]

1. e4 b6 2. Nf3 Bb7 3. Nc3 d6 4. Bc4 e6 5. d3 Nd7 6. Be3 Be7 7. O-O Ngf6 8. Nd4
c5 9. Nxe6 fxe6 10. Bxe6 Nf8 11. Bd5 Nxd5 12. Nxd5 Qd7 13. Nxe7 Qxe7 14. Qh5+
g6 15. Qf3 O-O-O 16. d4 Ne6 17. dxc5 dxc5 18. Rad1 Rxd1 19. Rxd1 Rf8 20. Qg4
Kb8 21. g3 Nc7 22. Bg5 Qxe4 23. Qxe4 Bxe4 24. Rd8+ Rxd8 25. Bxd8 Bxc2 26. Bxc7+
Kxc7 27. Kf1 Kd6 28. Ke2 Kd5 29. Kd2 Be4 30. Kc3 a5 31. b3 Bb1 32. a4 Ke4 33.
Kc4 Bd3+ 34. Kc3 Be2 35. Kd2 0-1

[Event "U.S. Amateur North U1600"]
[Site "Detroit, MI"]
[Date "1999.05.29"]
[Round "1"]
[White "Culverson, Javin"]
[Black "Dolin, Jack"]
[Result "0-1"]
[WhiteElo "747"]
[BlackElo "1410"]
[PlyCount "78"]
[EventDate "1999.05.29"]

1. e4 e6 2. d4 d5 3. Nc3 Bb4 4. Bd3 c5 5. dxc5 Bxc5 6. Nf3 Nc6 7. O-O Nge7 8.
Re1 O-O 9. Bg5 f6 10. Bd2 d4 11. Nb5 a6 12. b4 Bxb4 13. Bxb4 Nxb4 14. Nbxd4
Nxd3 15. Qxd3 e5 16. Qc4+ Kh8 17. Ne6 Bxe6 18. Qxe6 Nc6 19. Red1 Qe8 20. Qxe8
Rfxe8 21. Rd7 Re7 22. Rxe7 Nxe7 23. g4 Rd8 24. Kg2 Kg8 25. Kg3 Nc6 26. Rb1 b5
27. g5 Nd4 28. Nxd4 Rxd4 29. gxf6 gxf6 30. f3 Rd2 31. Rb2 Kf7 32. h4 Ke6 33. f4
Kd6 34. Kf3 Kc5 35. Ke3 Rh2 36. fxe5 fxe5 37. h5 Rh3+ 38. Kd2 Rxh5 39. c3 Rh2+
0-1

[Event "U.S. Amateur North U1600"]
[Site "Detroit, MI"]
[Date "1999.05.29"]
[Round "2"]
[White "Crist, Kevin"]
[Black "Jarrett, Thomas"]
[Result "1-0"]
[WhiteElo "1009"]
[BlackElo "717"]
[PlyCount "59"]
[EventDate "1999.05.29"]

1. e4 e5 2. Nf3 Nc6 3. Bc4 Bc5 4. c3 Nf6 5. Ng5 O-O 6. O-O d6 7. b4 Bb6 8. Be2
d5 9. exd5 Nxd5 10. d4 exd4 11. Qd3 Nf6 12. cxd4 Bxd4 13. Nc3 Nxb4 14. Qb1 Bxc3
15. Rd1 Qe7 16. Bb2 Qxe2 17. Bxc3 Nc2 18. Bxf6 Bf5 19. Qb2 Nxa1 20. Qxe2 Rae8
21. Be7 f6 22. Qc4+ Kh8 23. Bxf8 Rxf8 24. Rxa1 fxg5 25. Qxc7 Bc8 26. h3 h6 27.
Re1 Kg8 28. Re7 Kh7 29. Rxg7+ Kh8 30. Rh7+ 1-0

[Event "U.S. Amateur North"]
[Site "Detroit, MI"]
[Date "1999.05.29"]
[Round "2"]
[White "Chehayeb, Sal"]
[Black "McIntosh, Shawn"]
[Result "1-0"]
[WhiteElo "2011"]
[BlackElo "1916"]
[PlyCount "37"]
[EventDate "1999.05.29"]

1. e4 e6 2. d4 d5 3. Nc3 Bb4 4. a3 Bxc3+ 5. bxc3 dxe4 6. Qg4 Nf6 7. Qxg7 Rg8 8.
Qh6 Nbd7 9. Ne2 b6 10. Ng3 Bb7 11. Bb5 Qe7 12. a4 Qf8 13. Qxf6 c6 14. Qf4 cxb5
15. Qc7 Ba6 16. Nxe4 Qg7 17. Ba3 Qxg2 18. Nf6+ Nxf6 19. Qe7# 1-0

[Event "U.S. Amateur North U1600"]
[Site "Detroit, MI"]
[Date "1999.05.29"]
[Round "3"]
[White "Boim, Sherman"]
[Black "Neigebauer, Kent"]
[Result "1/2-1/2"]
[WhiteElo "1500"]
[BlackElo "1148"]
[PlyCount "101"]
[EventDate "1999.05.29"]

1. e4 c6 2. d4 d5 3. exd5 cxd5 4. c4 Nf6 5. h3 Nc6 6. Nf3 Qc7 7. Be2 h6 8. O-O
Bf5 9. Nc3 e6 10. Re1 Bb4 11. a3 Bxc3 12. bxc3 O-O 13. cxd5 Nxd5 14. Bb2 a6 15.
Rc1 b5 16. c4 bxc4 17. Rxc4 Rfc8 18. Ne5 Qb7 19. Qc1 Nxe5 20. dxe5 Rxc4 21.
Bxc4 Rc8 22. Kf1 Qc6 23. Bxd5 Qxc1 24. Rxc1 Rxc1+ 25. Bxc1 exd5 26. Bb2 Kf8 27.
Ke2 Ke7 28. Ke3 Kd7 29. Kd4 Kc6 30. h4 Be6 31. a4 a5 32. Bc3 f6 33. Bxa5 fxe5+
34. Kxe5 Bd7 35. Kd4 Kd6 36. Bb4+ Ke6 37. a5 Bc6 38. g4 h5 39. f3 g6 40. Bc5
Kf6 41. Bb4 g5 42. gxh5 gxh4 43. h6 Kg6 44. h7 Kxh7 45. Bd6 Kg6 46. Bh2 h3 47.
Ke5 Bb7 48. f4 Kf7 49. f5 d4 50. Kxd4 Kf6 51. Ke3 1/2-1/2

[Event "U.S. Amateur North U1600"]
[Site "Detroit, MI"]
[Date "1999.05.29"]
[Round "2"]
[White "Boim, Sherman"]
[Black "Moore, Stacey"]
[Result "1-0"]
[WhiteElo "1500"]
[BlackElo "996"]
[PlyCount "95"]
[EventDate "1999.05.29"]

1. e4 e5 2. Nf3 Nc6 3. Bc4 d6 4. h3 b6 5. O-O Bb7 6. Re1 Nb4 7. c3 d5 8. exd5
Nxd5 9. d4 e4 10. Rxe4+ Be7 11. Re1 Ngf6 12. Bb3 c6 13. c4 Nc7 14. Nc3 O-O 15.
Bf4 Rc8 16. Rc1 c5 17. d5 Bd6 18. Bg5 h6 19. Bxf6 Qxf6 20. Ne4 Qd8 21. Rc2 b5
22. cxb5 Nxb5 23. a4 Nc7 24. Nxc5 Bxc5 25. Rxc5 Na6 26. Rxc8 Bxc8 27. Qd4 Qd7
28. d6 Rd8 29. Re7 Qf5 30. Rxf7 Qxf7 31. Bxf7+ Kxf7 32. Qxa7+ Ke6 33. Qe7+ Kf5
34. Qxd8 Bb7 35. Qd7+ Kf6 36. Qxb7 Nc5 37. Qe7+ Kg6 38. d7 Nxa4 39. Qe4+ Kf7
40. Qxa4 Ke7 41. Qd4 Ke6 42. d8=Q g5 43. Qe5+ Kf7 44. Qdd6 g4 45. hxg4 h5 46.
Qdf6+ Kg8 47. Qeg5+ Kh7 48. Qfh6# 1-0

[Event "U.S. Amateur North U1600"]
[Site "Detroit, MI"]
[Date "1999.05.29"]
[Round "3"]
[White "Biache, August"]
[Black "Scioly, Tony"]
[Result "1-0"]
[WhiteElo "1431"]
[BlackElo "1593"]
[PlyCount "75"]
[EventDate "1999.05.29"]

1. e4 c5 2. Nf3 d6 3. g3 Nf6 4. d3 e6 5. Bg2 Nc6 6. b3 Rb8 7. Bb2 Be7 8. O-O
O-O 9. Nbd2 b5 10. a3 Bb7 11. Ng5 Nd7 12. Nh3 e5 13. f4 f6 14. f5 Nb6 15. Qg4
d5 16. Nf3 d4 17. Bc1 Kh8 18. Nh4 Bc8 19. Ng6+ Kg8 20. Nxf8 Bxf8 21. Qe2 Bd7
22. g4 Be7 23. Qf2 Be8 24. Qh4 Nd7 25. g5 fxg5 26. Bxg5 Bxg5 27. Nxg5 Nf6 28.
Ne6 Qe7 29. Bh3 Bd7 30. Kh1 Nd8 31. Nxg7 Kxg7 32. Rg1+ Kf7 33. Qh6 Qf8 34. Qh4
Ke7 35. Rg3 Kd6 36. Rag1 Nf7 37. Qxf6+ Kc7 38. Rg8 1-0

[Event "U.S. Amateur North U1600"]
[Site "Detroit, MI"]
[Date "1999.05.29"]
[Round "1"]
[White "Biache, August"]
[Black "Perry, Marc"]
[Result "1-0"]
[WhiteElo "1431"]
[BlackElo "755"]
[PlyCount "51"]
[EventDate "1999.05.29"]

1. e4 e5 2. Nf3 Nc6 3. Bb5 a6 4. Ba4 b5 5. Bb3 h6 6. O-O Bb7 7. c3 Nf6 8. d4
exd4 9. cxd4 Be7 10. Nc3 O-O 11. e5 Nh5 12. Nd5 f6 13. Nxe7+ Kh8 14. Ng6+ Kh7
15. Qd3 f5 16. Nxf8+ Qxf8 17. g4 Ne7 18. gxh5 Qe8 19. Bd1 Qxh5 20. Ng5+ Kh8 21.
Bxh5 Rf8 22. Qa3 hxg5 23. Qxe7 Rg8 24. Bxg5 g6 25. Bf6+ Rg7 26. Qxg7# 1-0